<?xml version="1.0" encoding="UTF-8"?>
<record
    xmlns:xsi="http://www.w3.org/2001/XMLSchema-instance"
    xsi:schemaLocation="http://www.loc.gov/MARC21/slim http://www.loc.gov/standards/marcxml/schema/MARC21slim.xsd"
    xmlns="http://www.loc.gov/MARC21/slim">

  <leader>01323nam a22003134a 4500</leader>
  <controlfield tag="001">488</controlfield>
  <controlfield tag="003">OSt</controlfield>
  <controlfield tag="005">20250911092758.0</controlfield>
  <controlfield tag="008">250911b        |||||||| |||| 00| 0 eng d</controlfield>
  <datafield tag="040" ind1=" " ind2=" ">
    <subfield code="b">por</subfield>
  </datafield>
  <datafield tag="041" ind1=" " ind2=" ">
    <subfield code="h">por</subfield>
  </datafield>
  <datafield tag="082" ind1="0" ind2="4">
    <subfield code="a">028.5</subfield>
    <subfield code="b">B214d</subfield>
  </datafield>
  <datafield tag="100" ind1="1" ind2=" ">
    <subfield code="a">Bandeira, Pedro,</subfield>
    <subfield code="d">1942-</subfield>
    <subfield code="9">977</subfield>
  </datafield>
  <datafield tag="245" ind1="1" ind2="0">
    <subfield code="a">De piolho a garrote :</subfield>
    <subfield code="b">novela /</subfield>
    <subfield code="c">Pedro Bandeira ; ilustra&#xE7;&#xF5;es de Rogerio Borges</subfield>
  </datafield>
  <datafield tag="250" ind1=" " ind2=" ">
    <subfield code="a"> 5 ed. </subfield>
  </datafield>
  <datafield tag="260" ind1=" " ind2=" ">
    <subfield code="a">S&#xE3;o Paulo :</subfield>
    <subfield code="b">Atual Ed</subfield>
    <subfield code="c">1987</subfield>
  </datafield>
  <datafield tag="300" ind1=" " ind2=" ">
    <subfield code="a">91p. :</subfield>
    <subfield code="b">il. ;</subfield>
  </datafield>
  <datafield tag="520" ind1=" " ind2=" ">
    <subfield code="a">A obra De Piolho a Garrote, de Pedro Bandeira, narra a trajet&#xF3;ria de Eduardo, um garoto que, ap&#xF3;s ficar &#xF3;rf&#xE3;o, precisa deixar a cidade e ir morar com a av&#xF3; em uma fazenda no interior de Goi&#xE1;s. Em um ambiente marcado por rigidez e autoritarismo, ele enfrenta desafios de adapta&#xE7;&#xE3;o e resist&#xEA;ncia, buscando afirmar sua identidade e for&#xE7;a. A hist&#xF3;ria aborda temas como amadurecimento, coragem, rela&#xE7;&#xF5;es familiares, vida rural e supera&#xE7;&#xE3;o das adversidades.</subfield>
  </datafield>
  <datafield tag="650" ind1=" " ind2="0">
    <subfield code="a">Rela&#xE7;&#xF5;es familiares</subfield>
    <subfield code="9">1048</subfield>
  </datafield>
  <datafield tag="650" ind1=" " ind2="0">
    <subfield code="a">Vida rural</subfield>
    <subfield code="9">1047</subfield>
  </datafield>
  <datafield tag="650" ind1=" " ind2="0">
    <subfield code="a">Coragem e amadurecimento</subfield>
    <subfield code="9">1049</subfield>
  </datafield>
  <datafield tag="650" ind1=" " ind2="0">
    <subfield code="a">Supera&#xE7;&#xE3;o de adversidades</subfield>
    <subfield code="9">1050</subfield>
  </datafield>
  <datafield tag="655" ind1=" " ind2="0">
    <subfield code="a">Romance</subfield>
    <subfield code="9">23</subfield>
  </datafield>
  <datafield tag="655" ind1=" " ind2="0">
    <subfield code="a">Fic&#xE7;&#xE3;o </subfield>
    <subfield code="9">22</subfield>
  </datafield>
  <datafield tag="700" ind1="1" ind2=" ">
    <subfield code="a">Borges, Rog&#xE9;rio,</subfield>
    <subfield code="d">1951-</subfield>
    <subfield code="9">1029</subfield>
  </datafield>
  <datafield tag="830" ind1=" " ind2=" ">
    <subfield code="a">S&#xE9;rie Morena</subfield>
    <subfield code="9">1046</subfield>
  </datafield>
  <datafield tag="942" ind1=" " ind2=" ">
    <subfield code="2">ddc</subfield>
    <subfield code="n">0</subfield>
    <subfield code="c">BK</subfield>
  </datafield>
  <datafield tag="952" ind1=" " ind2=" ">
    <subfield code="0">0</subfield>
    <subfield code="1">0</subfield>
    <subfield code="2">ddc</subfield>
    <subfield code="4">0</subfield>
    <subfield code="7">0</subfield>
    <subfield code="8">FIC</subfield>
    <subfield code="a">BIBIB</subfield>
    <subfield code="b">BIBIB</subfield>
    <subfield code="c">IJ</subfield>
    <subfield code="d">2025-09-11</subfield>
    <subfield code="e">doa&#xE7;&#xE3;o</subfield>
    <subfield code="l">0</subfield>
    <subfield code="o">028.5 / B214d</subfield>
    <subfield code="p">2025-17422</subfield>
    <subfield code="r">2025-09-11 09:27:03</subfield>
    <subfield code="w">2025-09-11</subfield>
    <subfield code="y">BK</subfield>
  </datafield>
  <datafield tag="990" ind1=" " ind2=" ">
    <subfield code="a">Livro</subfield>
  </datafield>
  <datafield tag="999" ind1=" " ind2=" ">
    <subfield code="c">488</subfield>
    <subfield code="d">488</subfield>
  </datafield>
</record>
